NLSUI OPAC header image

Commentaries on the monopolies and restrictive trade practices act 1969 (Record no. 8447)

MARC details
000 -LEADER
fixed length control field 00397nam a2200157Ia 4500
008 - FIXED-LENGTH DATA ELEMENTS--GENERAL INFORMATION
fixed length control field 160316s1990 xxu||||| |||| 00| 0 eng d
082 ## - DEWEY DECIMAL CLASSIFICATION NUMBER
Classification number 343.080000
Item number MIT
100 ## - MAIN ENTRY--PERSONAL NAME
Personal name Mitra K K
245 ## - TITLE STATEMENT
Title Commentaries on the monopolies and restrictive trade practices act 1969
250 ## - EDITION STATEMENT
Edition statement
260 ## - PUBLICATION, DISTRIBUTION, ETC.
Place of publication, distribution, etc. Calcutta
Name of publisher, distributor, etc. Book-N-Trade
Date of publication, distribution, etc. 1990
300 ## - PHYSICAL DESCRIPTION
Extent 688p
Other physical details
Dimensions
365 ## - TRADE PRICE
Price amount Rs.
650 ## - SUBJECT ADDED ENTRY--TOPICAL TERM
Topical term or geographic name entry element
700 ## - ADDED ENTRY--PERSONAL NAME
Personal name
--
Holdings
Withdrawn status Lost status Damaged status Not for loan Home library Current library Shelving location Date acquired Total Checkouts Full call number Barcode Date last seen Price effective from Koha item type
        . . Library Compactors 30.05.2017   343.08 MIT 8702 30.05.2017 30.05.2017 BOOKs